| 000 | 01293nam a2200349 a 4500 | ||
|---|---|---|---|
| 001 | 000113883 | ||
| 003 | CHAP | ||
| 005 | 20220329144417.0 | ||
| 008 | 171004s2017 mx a fsm |||||||spa d | ||
| 010 | _a110344 | ||
| 011 | _a111316 | ||
| 040 | _cCHAP | ||
| 090 | _aTesis | ||
| 100 | 1 |
_aAlvarado Villarreal, Gabriel _9133619 |
|
| 245 | 1 | 0 |
_aHuella hídrica y productividad del suelo, capital y trabajo en el cultivo de nogal (Carya illinoensis) en Nazas, Durango / _h[En línea] _cpor Gabriel Alvarado Villarreal. |
| 260 |
_aChapingo, Méx. : _bEl autor, _c2017. |
||
| 500 | _aPara ver el contenido del material haga clic en la liga | ||
| 502 | _aTesis (Ing. Forestal Industrial)-- UACH. División de Ciencias Forestales | ||
| 590 |
_aBATCH _b00 _c20181121 _lUCH01 _h0758 |
||
| 590 |
_aE8697GMM _b05 _c20171004 _lUCH01 _h1010 |
||
| 590 |
_aE8697GMM _b05 _c20171004 _lUCH01 _h1014 |
||
| 650 | 1 | 4 |
_aAgua _xAprovechamiento _xDurango. _92288 |
| 650 | 1 | 4 |
_aNogal _xAgua requerida. _981546 |
| 650 | 1 | 4 |
_aPecán _xCultivo _zDurango. _9133618 |
| 650 | 1 | 4 |
_aPecán _xRendimiento. _986502 |
| 650 | 1 | 4 |
_aTrabajo y trabajadores _xDurango. _9114520 |
| 856 |
_a1 _n0000264 |
||
| 856 |
_aFinding aid _uhttp://10.13.5.2/tesis/sist113883.pdf _zTeclea aquí |
||
| 901 | _aBK | ||
| 942 | _cTESIS | ||
| 942 | _n0 | ||
| 999 |
_c110344 _d110344 |
||